000 00397nam a22001697a 4500
005 20160702103103.0
008 160702b xxu||||| |||| 00| 0 eng d
020 _a978-81-318-0814-6
041 _aeng
082 _b20912
100 _aBansal, Dr. R.K.
_92612
245 _aStrength of Materials
260 _bLaxmi
_c2014
300 _a1141
650 _aDiploma Engineering
_9817
942 _cBK
999 _c5159
_d5157